LEADER 02131nam 2200577 450 001 9910461192103321 005 20200520144314.0 010 $a0-7391-8236-6 035 $a(CKB)3710000000478050 035 $a(EBL)4085709 035 $a(SSID)ssj0001552896 035 $a(PQKBManifestationID)16171219 035 $a(PQKBTitleCode)TC0001552896 035 $a(PQKBWorkID)12663082 035 $a(PQKB)11719523 035 $a(MiAaPQ)EBC4085709 035 $a(Au-PeEL)EBL4085709 035 $a(CaPaEBR)ebr11125054 035 $a(CaONFJC)MIL832525 035 $a(OCoLC)922072674 035 $a(EXLCZ)993710000000478050 100 $a20140929h20152015 uy| 0 101 0 $aeng 135 $aur|n|---||||| 181 $ctxt 182 $cc 183 $acr 200 00$aKant, Fichte, and the legacy of transcendental idealism /$fedited by Halla Kim and Steven Hoeltzel 210 1$aLanham :$cLexington Books,$d[2015] 210 4$dİ2015 215 $a1 online resource (283 p.) 300 $aDescription based upon print version of record. 311 $a0-7391-8235-8 320 $aIncludes bibliographical references and index. 327 $aPages:1 to 25; Pages:26 to 50; Pages:51 to 75; Pages:76 to 100; Pages:101 to 125; Pages:126 to 150; Pages:151 to 175; Pages:176 to 200; Pages:201 to 225; Pages:226 to 250; Pages:251 to 275; Pages:276 to 283 330 $aKant, Fichte, and the Legacy of Transcendental Idealism contains ten new essays by leading and rising scholars from the United States, Europe, and Asia who explore the historical development and conceptual contours of Kantian and post-Kantian philosophy. 606 $aIdealism, German 606 $aTranscendentalism 608 $aElectronic books. 615 0$aIdealism, German. 615 0$aTranscendentalism. 676 $a141/.3 702 $aKim$b Halla$f1964- 702 $aHoeltzel$b Steven$f1969- 801 0$bMiAaPQ 801 1$bMiAaPQ 801 2$bMiAaPQ 906 $aBOOK 912 $a9910461192103321 996 $aKant, Fichte, and the legacy of transcendental idealism$92045579 997 $aUNINA LEADER 01380cam0-22004211i-450 001 990004320010403321 005 20220411150219.0 010 $a88-7689-040-8 035 $a000432001 035 $aFED01000432001 035 $a(Aleph)000432001FED01 035 $a000432001 100 $a19990604d1990----km-y0itay50------ba 101 0 $aita 102 $aIT 105 $aaf------001yy 200 1 $a<>insulae 3 e 4 della Regio VI di Pompei$eun'analisi storico-urbanistica,$fFrancesco Carocci, Emidio De Albentiis, Mauro Gargiulo, Fabrizio Pesando 210 $aRoma$cBretschneider$d1990 215 $a2 v. (245, 60 p. di tav.)$cill.$d30 cm 225 1 $aArchaeologica$x0391-9293$v89 300 $aIl v. 2. si compone interamente di tav. ripieg. 610 0 $aPompei$aScavi archeologici 610 0 $aArcheologia$aPompei 676 $a937.7 702 1$aCarocci,$bFrancesco 702 1$aDe Albentiis,$bEmidio 702 1$aGargiulo,$bMauro 801 0$aIT$bUNINA$gRICA$2UNIMARC 901 $aBK 912 $a990004320010403321 952 $a937.7 CAR 2$bbibl. 8502$fFLFBC 952 $a937.7 CAR 2 (TAV)$bS.I.$fFLFBC 952 $aDDR-XIX C 111.20$b1841 (1) ddr$fDDR$m21-5597 952 $aDDR-XIX C 111.20$b1841 (2) ddr$fDDR$m21-5598 959 $aFLFBC 959 $aDDR 996 $aInsulae 3 e 4 della Regio VI di Pompei$9487819 997 $aUNINA